Language Quiz

Random Language or Blitz Quiz

Vocabulary Blitz XXXVI Quiz Stats

 Plays Quiz Updated Jan 12, 2018

Score 0/5 Timer 01:00
18 Plays Today
% Correct
melancholy
92.3%
sanguine
64.9%
choleric
63.2%
lachrymose
62.9%
phlegmatic
44.2%

You're not logged in!

Compare scores with friends on all Sporcle quizzes.
OR
Log In

You Might Also Like...

Show Comments

Extras

Top Quizzes Today


Score Distribution

Your Account Isn't Verified!

In order to create a playlist on Sporcle, you need to verify the email address you used during registration. Go to your Sporcle Settings to finish the process.

Report this User

Report this user for behavior that violates our Community Guidelines.

Details: